Former Teams - Statistics

General Stats
  • This quiz has been taken 9 times
  • The average score is 15 of 20
Answer Stats
Hint League Team % Correct
19) Had its home in Chicago then St Louis from 1960-1988 before relocating to Arizona NFL Cardinals
100%
17) Robert Irsay moved them to Indianapolisfrom Baltimore in 1984 NFL Colts
100%
5) Moved to Tennessee in 1997 afterbeing in Houston since 1960 NFL Oilers
100%
11) Moved out of Oakland for Las Vegas in 2020 NFL Raiders
100%
13) Relocated from Cleveland to LA in 1946, toSt Louis in 1995, and back to LA in 2016 NFL Rams
100%
14) Beloved in Brooklyn before moving to LA in 1958 MLB Dodgers
88%
7) Established in Vancouver in 1995, they relocatedto Memphis in 2001 NBA Grizzlies
88%
3) Moved from Seattle to Oklahoma City in 2008after being in the city since 1967 NBA Supersonics
88%
16) Moved from Quebec City to Denver in 1995 NHL Avalanche
75%
15) Moved from Boston to Milwaukee in 1953 beforerelocating to Atlanta in 1966 MLB Braves
75%
10) A San Diego staple since 1961, they moved toLA in 2017 NFL Chargers
75%
6) Founded in 1969 Montreal, this team relocated toWashington DC in 2004 MLB Expos
75%
20) Moved from St Louis to Baltimore in 1953, changingtheir name from the Browns MLB Orioles
75%
12) Are playing in Sacramento until 2027 beforerelocating to Las Vegas MLB Athletics
63%
4) Left Phoenix for Salt Lake City to becomethe Mammoth in 2024 NHL Coyotes
63%
9) Played in Bloomington, MN from 1967-1993before relocating to Dallas NHL North Stars
63%
8) Inaugurated in 1999, they left Atlanta for Winnipegafter being sold in 2011 NHL Thrashers
63%
2) Moved from Connecticut to North Carolinain 1997 to become the Hurricanes NHL Whalers
63%
1) Played in the Quebec capital from 1979-1995 NHL Nordiques
50%
18) Tampa Bays pro soccer team from 1994-2002 MLS Mutiny
13%
No matching quizzes found
Score Distribution
Percent of People with Each Score
Percentile by Number Answered
Your Score History
You have not taken this quiz